Lengua española. Grado elemental II. Guía didáctica

Guardado en:
Detalles Bibliográficos
Formato: Desconocido
Lenguaje:español
Publicado: Bruño 1963
Catálogo:MANES:  Resultados de Búsqueda del Catálogo
Clasificación de libros de texto:
Etiquetas: Agregar Etiqueta
Sin Etiquetas, Sea el primero en etiquetar este registro!
Añadido a:2016-04-26
Cambiado en:2024-11-20

MARC

LEADER 000000000a22000000004500
001 00913
003 OSt
005 20241121020104.0
008 160427s sp ||||| |||| 00| 0 spa d
040 |c centro_manes 
691 7 |a PRI 
245 0 0 |a Lengua española. Grado elemental II. Guía didáctica 
260 3 |b Bruño  |c 1963 
300 |a 81 p.  |c 21x15 cm 
500 |a Fecha de publicación tomada del Depósito Legal 
690 0 |a LEN 
942 |2 ddc  |c BK 
546 |a España 
999 |c 6887  |d 6887 
999 |c manes:6887  |d 6887